Cestovné kancelárie sa budú musieť zmluvne poistiť

Nariadenie pre cestovné kancelárie na Slovensku, aby pre prípad úpadku alebo platobnej neschopnosti, boli vybavené zmluvným poistením. Výška poistnej sumy. Iné úpravy a nariadenia pre cestovné kancelárie, ktoré majú chrániť spotrebiteľa. Počet vlastníkov koncesných listín na prevádzkovanie služieb v...

Descrizione completa

Salvato in:
Dettagli Bibliografici
Autore principale: Janků, Jana
Natura: Capitolo di libro
Lingua:slovacco
Soggetti:
Tags: Aggiungi Tag
Nessun Tag, puoi essere il primo ad aggiungerne!!

MARC

LEADER 00000naa a2200000 4500
001 r041385
005 20230921110937.6
041 0 |a slo 
044 |a SK 
245 1 0 |a Cestovné kancelárie sa budú musieť zmluvne poistiť  |c Jana Janků 
520 |a Nariadenie pre cestovné kancelárie na Slovensku, aby pre prípad úpadku alebo platobnej neschopnosti, boli vybavené zmluvným poistením. Výška poistnej sumy. Iné úpravy a nariadenia pre cestovné kancelárie, ktoré majú chrániť spotrebiteľa. Počet vlastníkov koncesných listín na prevádzkovanie služieb v cestovnom ruchu v SR. 
610 2 0 |a ruch cestovný 
610 2 0 |a kancelárie cestovné 
610 2 0 |a poistenie zmluvné 
610 2 0 |a koncesie 
610 2 0 |a ochrana spotrebiteľa 
610 2 0 |a Slovensko 
100 1 |a Janků, Jana